Pajacuarán : carta topográfica /
Carta topográfica de la región circundante a Pajuacuarán, Michocán, en el límite entre esta entidad y Jalisco. Cubre, hacia el norte, El Capulín; al sur, Chavinda; al este, La Sauceda, y al oeste, Venustiano Carranza, todas ellas, poblaciones en el estado de Michoacán.
Збережено в:
| Співавтор: | |
|---|---|
| Формат: | Карта |
| Редагування: | 4a edición |
| Серія: | (Carta Topográfica)
|
| Предмети: | |
| Теги: |
Немає тегів, Будьте першим, хто поставить тег для цього запису!
|
MARC
| LEADER | 00000nem^a2200000^a^4500 | ||
|---|---|---|---|
| 001 | 000156698 | ||
| 005 | 20250521000000.0 | ||
| 009 | 20260310100514.746 | ||
| 037 | |a Acervo ITESO - Biblioteca | ||
| 041 | |a GRA | ||
| 093 | |a F-13-D-88 | ||
| 110 | |a Instituto Nacional de Estadística, Geografía e Informática | ||
| 240 | 1 | 1 | |a [Pajacuarán, materiales cartográficos] |
| 245 | 1 | 0 | |a Pajacuarán : |b carta topográfica / |c INEGI. |
| 250 | |a 4a edición | ||
| 255 | |a Escala 1 : 50 000 ; |b Proyección Universal Transversa de Mercator | ||
| 264 | |a Aguascalientes, México : |b Instituto Nacional de Estadística, Geografía e Informática, Dirección General de Geografía, |c 2003 | ||
| 300 | |a 1 mapa | ||
| 336 | |a imagen cartográfica estática |b cri |2 rdacontenido | ||
| 337 | |a sin mediación |b n |2 rdamedio | ||
| 338 | |a mapa |b nz |2 rdasoporte | ||
| 440 | 1 | |a (Carta Topográfica) | |
| 520 | |a Carta topográfica de la región circundante a Pajuacuarán, Michocán, en el límite entre esta entidad y Jalisco. Cubre, hacia el norte, El Capulín; al sur, Chavinda; al este, La Sauceda, y al oeste, Venustiano Carranza, todas ellas, poblaciones en el estado de Michoacán. | ||
| 522 | |a Cartas adyacentes: F13D77, F13D78, F13D79, F13D87, F13D89, E13B17, E13B18, E13B19 | ||
| 522 | |a Vegetación predominante: agricultura y vegetación silvestre | ||
| 522 | |a Carta formada por métodos fotogramétricos a partir de fotografías obtenidas en abril de 1999 | ||
| 546 | |a Edición gráfica con texto en español | ||
| 649 | |a XX | ||
| 650 | |a Topografía - |z México | ||
| 650 | |a Río Duero | ||
| 650 | |a Lerma (Río) | ||
| 650 | |a Cerro Grande | ||
| 650 | |a Pajacuarán, Michoacán - |x Mapas | ||
| 650 | |a Venustiano Carranza, Michoacán - |x Mapas | ||
| 650 | |a Ixtlán, Michoacán - |x Mapas | ||
| 650 | |a Ario de Rayón, Michoacán - |x Mapas | ||
| 650 | |a Chavinda, Michoacán - |x Mapas | ||
| 650 | |a Villamar, Michoacán - |x Mapas | ||
| 650 | |a El Paracho, Michoacán - |x Mapas | ||
| 650 | |a Ibarra, Michoacán - |x Mapas | ||
| 650 | |a El Capulín, Michoacán - |x Mapas | ||
| 650 | |a San Gregorio, Michoacán - |x Mapas | ||
| 650 | |a La Angostura, Michoacán - |x Mapas | ||
| 650 | |a El Fortín, Michoacán - |x Mapas | ||
| 650 | |a Cumualito, Michoacán - |x Mapas | ||
| 650 | |a La Plaza del Limón, Michoacán - |x Mapas | ||
| 650 | |a Tecomatán, Michoacán - |x Mapas | ||
| 650 | |a La Cuestita, Michoacán - |x Mapas | ||
| 650 | |a Las Zarquillas, Michoacán - |x Mapas | ||
| 650 | |a La Esperanza, Michoacán - |x Mapas | ||
| 650 | |a Cerrito Colorado, Michoacán - |x Mapas | ||
| 650 | |a Michoacán - |x Mapas | ||
| 650 | |a Jalisco - |x Mapas | ||
| 650 | |a México - |x Mapas | ||
| 910 | |a Fondo General | ||
| 920 | |a Gráficos - Mapas | ||
| 905 | |a 503 | ||
| 901 | |a 0500047897 |b IT2 |c MAP |u 20250521 | ||
| 902 | |a https://opac.biblio.iteso.mx/vufind/Record/000156698 | ||